Thoughts and After Thoughts / (Record no. 193662)

000 -LEADER
fixed length control field 00408 a2200157 4500
003 - CONTROL NUMBER IDENTIFIER
control field NUST
005 - DATE AND TIME OF LATEST TRANSACTION
control field 20221205144026.0
040 ## - CATALOGING SOURCE
Transcribing agency Nust
082 ## - DEWEY DECIMAL CLASSIFICATION NUMBER
Classification number 070.442,GAU
100 ## - MAIN ENTRY--PERSONAL NAME
Personal name Gauhar, Altaf
9 (RLIN) 46332
245 ## - TITLE STATEMENT
Title Thoughts and After Thoughts /
Statement of responsibility, etc. Altaf Gauhar
260 ## - PUBLICATION, DISTRIBUTION, ETC.
Place of publication, distribution, etc. lahore
Name of publisher, distributor, etc. Sang-E- Meel
Date of publication, distribution, etc. 1998
300 ## - PHYSICAL DESCRIPTION
Extent 480p .:
505 ## - FORMATTED CONTENTS NOTE
Formatted contents note History Of Pakistan from 1993 to 1996
942 ## - ADDED ENTRY ELEMENTS (KOHA)
Source of classification or shelving scheme
Koha item type Book
Call number prefix 070.442,GAU
Holdings
Withdrawn status Lost status Source of classification or shelving scheme Damaged status Not for loan Permanent Location Current Location Shelving location Date acquired Full call number Barcode Date last seen Price effective from Koha item type Public note
          Military College of Signals (MCS) Military College of Signals (MCS) General Stacks 12/12/2016 070.442,GAU MCS23065 12/08/2016 12/12/2016 Book Almirah No.46, Shelf No.1
© 2023 Central Library, National University of Sciences and Technology. All Rights Reserved.